000 00671nam a2200277Ia 4500
005 20250425162507.0
008 250425s9999 xx 000 0 und d
020 _a9789588357461
041 _aspa
043 _ack
082 _a658.406
100 _aVARELA V., RODRIGO
245 0 _aDESARROLLO INNOVACION Y CULTURA EMPRESARIAL
250 _a1A ED.
260 _aCALI
260 _aColombia
_bUNIVERSIDAD ICESI
_c2011
300 _a220
500 _aEDUCACION EMPRESARIAL VOLUME 2
650 _aDESARROLLO
650 _aEDUCACION
650 _aEMPRESAS
650 _aINNOVACIONES
710 _aUNIVERSIDAD ICESI
942 _c01
010 _a78055
999 _c230352
_d230352